La corea de Sydenham y su tratamiento por el hedonal (Record no. 149626)

MARC details
000 -LEADER
campo de control de longitud fija 00634nam a2200169 i 4500
001 - NÚMERO DE CONTROL
campo de control 149626
003 - IDENTIFICADOR DE NÚMERO DE CONTROL
campo de control ES-MaACL
005 - FECHA Y HORA DE LA ÚLTIMA TRANSACCIÓN
campo de control 20230906203201.0
007 - CAMPO FIJO DE DESCRIPCIÓN FÍSICA--INFORMACIÓN GENERAL
campo de control de longitud fija t|
008 - DATOS DE LONGITUD FIJA--INFORMACIÓN GENERAL
campo de control de longitud fija 071023s1911 sp ||||1| spa d
100 1# - ENTRADA PRINCIPAL--NOMBRE DE PERSONA
Nombre de persona Vargas-Machuca y Muñoz, Andrés de.
9 (RLIN) 113209
245 13 - MENCIÓN DEL TÍTULO
Título La corea de Sydenham y su tratamiento por el hedonal
Resto del título : tesis doctoral leida en la Facultad de Medicina de Madrid el 27 de Junio de 1908 /
Mención de responsabilidad, etc. por Andrés de Vargas-Machuca y Muñoz.
260 ## - PUBLICACIÓN, DISTRIBUCIÓN, ETC.
Lugar de publicación, distribución, etc. Madrid :
Nombre del editor, distribuidor, etc. [s.n.],
Fecha de publicación, distribución, etc. 1911 (
Fabricante Imp. de Antonio Marzo)
300 ## - DESCRIPCIÓN FÍSICA
Extensión 30 p. ;
Dimensiones 25 cm.
650 #4 - PUNTO DE ACCESO ADICIONAL DE MATERIA--TÉRMINO DE MATERIA
Término de materia o nombre geográfico como elemento de entrada Corea (Patología)
9 (RLIN) 153652
852 ## - LOCALIZACIÓN
Ubicación ES-MaACL
Número de control de estantería T-1315-F-9
Holdings
Estatus retirado Estado de pérdida Estado de daño No para préstamo Colección Biblioteca de origen Biblioteca actual Ubicación en estantería Fecha de adquisición Fuente de adquisición Total de préstamos Signatura topográfica completa Código de barras Visto por última vez Precio de reemplazo Tipo de ítem Koha
        Colección de folletos Biblioteca del Ateneo de Madrid Biblioteca del Ateneo de Madrid Depósito folletos 17/01/2008     T-1315-F-9 1156141 23/02/2023 23/02/2023 Folleto